[Event "Sochi ChessAmateur op"]
[Site "Sochi"]
[Date "2018.04.02"]
[Round "3"]
[White "Kuryshkin, Anatoliy"]
[Black "Kuznetsov, Mikhail V"]
[Result "0-1"]
[WhiteElo "1962"]
[BlackElo "2246"]
[PlyCount "70"]
[EventDate "2018.04.01"]
[EventType "swiss"]
[EventRounds "9"]
[EventCountry "RUS"]
[SourceTitle "CBM 184 Extra"]
[Source "ChessBase"]
[SourceDate "2018.06.28"]
[SourceVersion "1"]
[SourceVersionDate "2018.06.28"]
[SourceQuality "1"]

1. e4 c5 2. Nf3 Nf6 3. e5 Nd5 4. c4 Nc7 5. d4 cxd4 6. Nxd4 Nc6 7. Nxc6 dxc6 8. Qxd8+ Kxd8 9. Nc3 Bf5 10. Be2 h5 11. Be3 Ne6 12. 0-0-0+ Kc7 13. Bd3 Bxd3 14. Rxd3 b6 15. f4 Rd8 16. Rxd8 Nxd8 17. Ne4 e6 18. h4 Be7 19. Bd4 c5 20. Bc3 Nc6 21. Ng5 Bxg5 22. hxg5 h4 23. Be1 Nd4 24. Kd2 Rd8 25. Bf2 Nf5+ 26. Ke2 Kc6 27. Rh3 a6 28. b3 b5 29. cxb5+ axb5 30. Rc3 Nd4+ 31. Ke1 Kd5 32. Bxh4 Ra8 33. g6 fxg6 34. Be7 Rxa2 35. Bxc5 Ne2 0-1

[Event "Sochi ChessAmateur op"]
[Site "Sochi"]
[Date "2018.04.02"]
[Round "2"]
[White "Vafin, Ayrat"]
[Black "Kuryshkin, Anatoliy"]
[Result "1-0"]
[WhiteElo "2227"]
[BlackElo "1962"]
[PlyCount "79"]
[EventDate "2018.04.01"]
[EventType "swiss"]
[EventRounds "9"]
[EventCountry "RUS"]
[SourceTitle "CBM 184 Extra"]
[Source "ChessBase"]
[SourceDate "2018.06.28"]
[SourceVersion "1"]
[SourceVersionDate "2018.06.28"]
[SourceQuality "1"]

1. c4 e5 2. g3 Nc6 3. Bg2 Nf6 4. Nc3 a5 5. e3 Bb4 6. Nge2 0-0 7. 0-0 Re8 8. d4 d6 9. Nd5 a4 10. Nxb4 Nxb4 11. a3 Nc6 12. d5 Ne7 13. Nc3 Bd7 14. e4 Nc8 15. h3 Nb6 16. Qd3 Bc8 17. Be3 Nfd7 18. f4 exf4 19. gxf4 Nc5 20. Bxc5 dxc5 21. e5 Re6 22. Ne4 Rh6 23. Nxc5 Ra5 24. Ne4 Bf5 25. Rac1 Nd7 26. Qc3 Raa6 27. Kh2 Rab6 28. Qd4 Rb3 29. Rc3 Rxb2 30. Rg3 Re2 31. Rf2 Re1 32. Rf1 Rxf1 33. Bxf1 Bxe4 34. Qxe4 Nc5 35. Qe3 b6 36. f5 Rh4 37. f6 g6 38. e6 fxe6 39. dxe6 Qd6 40. e7 1-0

[Event "Kimry Summer op 66th"]
[Site "Kimry"]
[Date "2013.06.11"]
[Round "7"]
[White "Kuryshkin, Anatoliy"]
[Black "Vdovin, Vadim"]
[Result "0-1"]
[WhiteElo "2008"]
[BlackElo "2193"]
[PlyCount "40"]
[EventDate "2013.06.08"]
[EventType "swiss"]
[EventRounds "7"]
[EventCountry "RUS"]
[SourceTitle "CBM 155 Extra"]
[Source "ChessBase"]
[SourceDate "2013.08.26"]
[SourceVersion "1"]
[SourceVersionDate "2013.08.26"]
[SourceQuality "1"]

1. e4 e6 2. d4 d5 3. e5 c5 4. Nf3 Nc6 5. dxc5 Bxc5 6. Bd3 Nge7 7. 0-0 Ng6 8. Re1 0-0 9. h4 f6 10. Bxg6 hxg6 11. Qd3 Nxe5 12. Rxe5 fxe5 13. Qc3 Bxf2+ 14. Kxf2 e4 15. Bg5 Qd6 16. Qa3 Qb6+ 17. Be3 d4 18. Bd2 exf3 19. gxf3 Bd7 20. Bb4 Rfc8 0-1

[Event "Dmitrov op"]
[Site "Dmitrov"]
[Date "2011.07.30"]
[Round "3"]
[White "Kuryshkin, Anatoliy"]
[Black "Klyuev, Alexander S"]
[Result "0-1"]
[WhiteElo "2061"]
[BlackElo "2178"]
[PlyCount "76"]
[EventDate "2011.07.29"]
[EventType "swiss"]
[EventRounds "9"]
[EventCountry "RUS"]
[SourceTitle "CBM 143 Extra"]
[Source "ChessBase"]
[SourceDate "2011.08.29"]
[SourceVersion "1"]
[SourceVersionDate "2011.08.29"]
[SourceQuality "1"]

1. e4 c5 2. Nf3 a6 3. d4 cxd4 4. Nxd4 Nf6 5. Nc3 e5 6. Nb3 Bb4 7. Bd3 0-0 8. Bg5 h6 9. Bh4 d6 10. 0-0 Bxc3 11. bxc3 Be6 12. c4 Nbd7 13. h3 Qc7 14. Nd2 g5 15. Bg3 Nb6 16. Qe2 Rac8 17. h4 Nxc4 18. hxg5 hxg5 19. Nf3 Bg4 20. Bxc4 Qxc4 21. Qe3 Qxe4 22. Qxg5+ Qg6 23. Qxg6+ fxg6 24. Rfc1 Ne4 25. Nh2 Bf5 26. c4 Rf7 27. Nf1 Rfc7 28. f3 Nxg3 29. Nxg3 Rxc4 30. Rxc4 Rxc4 31. Rd1 Rc6 32. Ne4 Bxe4 33. fxe4 Kf7 34. Rd2 Ke6 35. Kh2 Rc3 36. Re2 b5 37. g3 b4 38. Kh3 Rc4 0-1

[Event "Kimry op Jan"]
[Site "Kimry"]
[Date "2011.01.03"]
[Round "3"]
[White "Kolpakov, Nikolay Anastasievi"]
[Black "Kuryshkin, Anatoliy"]
[Result "1-0"]
[WhiteElo "2223"]
[BlackElo "2006"]
[PlyCount "91"]
[EventDate "2011.01.02"]
[EventType "swiss"]
[EventRounds "9"]
[EventCountry "RUS"]
[SourceTitle "CBM 140 Extra"]
[Source "ChessBase"]
[SourceDate "2011.03.01"]
[SourceVersion "1"]
[SourceVersionDate "2011.03.01"]
[SourceQuality "1"]

1. e4 e5 2. Nf3 Nc6 3. Bb5 a6 4. Ba4 Nf6 5. Bxc6 dxc6 6. d3 Bc5 7. Bg5 Bg4 8. Nbd2 h6 9. Be3 Bxe3 10. fxe3 Nd7 11. Nf1 Qe7 12. Qd2 0-0-0 13. 0-0-0 g6 14. Qc3 f6 15. N1d2 Qc5 16. Qxc5 Nxc5 17. Rdf1 g5 18. b4 Na4 19. Nb3 Be6 20. Nfd2 Rhf8 21. Rf2 Rf7 22. Rhf1 Rdf8 23. a3 b6 24. c4 f5 25. exf5 Rxf5 26. Rxf5 Rxf5 27. Rxf5 Bxf5 28. Kc2 Kd7 29. c5 g4 30. Nc4 Ke6 31. e4 Bg6 32. g3 Kf6 33. Nb2 Nxb2 34. Kxb2 Bf7 35. Kc3 Bg6 36. Nd2 Ke6 37. Nc4 b5 38. Ne3 h5 39. Kd2 Kf6 40. Ng2 Bf7 41. Ke3 Be6 42. d4 Bf7 43. Ne1 Bc4 44. Nd3 exd4+ 45. Kxd4 Kg5 46. Ne5 1-0

[Event "Kimry op 52nd"]
[Site "Kimry"]
[Date "2010.06.13"]
[Round "7"]
[White "Kolpakov, Nikolay Anastasievi"]
[Black "Kuryshkin, Anatoliy"]
[Result "1-0"]
[WhiteElo "2225"]
[BlackElo "1979"]
[PlyCount "59"]
[EventDate "2010.06.10"]
[EventType "swiss"]
[EventRounds "7"]
[EventCountry "RUS"]
[SourceTitle "CBM 136 Extra"]
[Source "ChessBase"]
[SourceDate "2010.07.02"]
[SourceVersion "2"]
[SourceVersionDate "2010.07.15"]
[SourceQuality "1"]

1. Nf3 d5 2. g3 c6 3. Bg2 Bf5 4. 0-0 Nf6 5. d3 Nbd7 6. Nbd2 e5 7. Nh4 Be6 8. e4 Bc5 9. c3 Qb6 10. Nf5 Bxf5 11. exf5 0-0 12. Nb3 Bd6 13. Be3 Qc7 14. c4 a5 15. Rc1 a4 16. Nd2 Qa5 17. cxd5 cxd5 18. g4 h6 19. h4 d4 20. Nc4 Qa6 21. Bd2 Ra7 22. g5 hxg5 23. hxg5 Nh7 24. Qh5 b5 25. Nxd6 Qxd6 26. Rc6 Qe7 27. f6 gxf6 28. Be4 f5 29. Rh6 f6 30. Bd5+ 1-0